Física para Estudiantes de Ciencias e Ingenierías
| Main Authors: | , , |
|---|---|
| Format: | Section = Libro |
| Language: | Undetermined Spanish |
| Published: |
México
CECSA
1964
|
| Edition: | 6a.ed. |
| Subjects: |
| LEADER | 00595nam a2200229Ia 4500 | ||
|---|---|---|---|
| 008 | 241007s9999||||xx |||||||||||||| ||und|| | ||
| 040 | |a BIBLIOTECA-RURC/ 530 R434 | ||
| 041 | |a spa | ||
| 082 | |a 530 R434 | ||
| 100 | 1 | |a Resnick, Robert | |
| 100 | 1 | |b Halliday, David | |
| 100 | 1 | |c Krane, Kenneth S. | |
| 245 | 1 | 0 | |a Física para Estudiantes de Ciencias e Ingenierías |
| 250 | |a 6a.ed. | ||
| 260 | |a México |b CECSA |c 1964 | ||
| 300 | |a 783 p. :il. | ||
| 650 | 7 | |a MEDIDAS FISICAS | |
| 650 | 7 | |b VECTORES | |
| 650 | 7 | |c MOVIMIENTO EN UNA DIMENSIÓN | |
| 942 | |c BK |2 ddc | ||
| 991 | |a TEXTO | ||
| 999 | |c 14411 | ||